000
00319nam a2200133Ia 4500
008
150201s2007 xx 000 0 und d
082
_a
612
_b
P07K
100
_a
BROWN,THOMAS
245
_a
RAPID REVIEW PHYSIOLOGY
250
_a
1ST
260
_b
ELSEVIER
_a
DELHI
_c
2007
650
_a
HUMAN PHYSIOLOGY
942
_2
ddc
_c
BK
_0
8
999
_c
1173
_d
1173